Connections Quiz - Statistics

General Stats
  • This quiz has been taken 30 times
  • The average score is 6 of 16
Answer Stats
Hint Answer % Correct
What gift is traditionally given on a 20th wedding anniversary? China
83%
______ is popular in the Galapagos Islands, which belong to which country? Ecuador
62%
Which substance caused conflicts between the British Empire and _____ in the mid 1800s? Opium
62%
A commonly used acronym in schools is Special _____ what? Needs
45%
_____’s main active ingredients consist of exclusively carbon, hydrogen, oxygen, and what else? Nitrogen
41%
The capital city of _____ is what? Quito
41%
Which outdated unit of _____ features in the plural form in the title of a Jules Verne novel? League
38%
With what 2D shape is the Hierarchy of _____ represented? Triangle
38%
What does the E in _____ stand for? Educational
31%
Which activity can give you medical issues due to dissolved _____ forming bubbles in the body? SCUBA Diving
31%
Under dimensional analysis, _____ has the dimensions of LT^-2 where the L stands for what? Length
24%
The city of _____ was the first to be declared a World Cultural Heritage Site by who? UNESCO
24%
The _____ taken of a graph of ‘jerk’ against time can be used to calculate what? Acceleration
14%
Which word is an anagram of _____, that aptly comes from the same field? Integral
14%
In Britain’s top _____ in the 24/25 season, what occurred 1,549 times? Yellow Card
14%
What word connects the above answers? CONSEQUENTIALLY
0%
No matching quizzes found
Score Distribution
Percent of People with Each Score
Percentile by Number Answered
Your Score History
You have not taken this quiz